Contribuye el Himno Nacional en nuestra identidad...? / (Record no. 22883)

000 -CABECERA
fixed length control field 00944nam a22002177i 4500
003 - IDENTIFICADOR DEL NÚMERO DE CONTROL
control field AR-CdUCM
008 - DATOS DE LONGITUD FIJA--INFORMACIÓN GENERAL
fixed length control field 240509b20212021 pe||||| |||| 00| 0 spa d
040 ## - FUENTE DE LA CATALOGACIÓN
Agencia/entidad que catalogó originalmente la obra MUNICIPALIDAD PROVINCIAL DEL CUSCO
Entidad que transcribió la catalogación BIBLIOTECA MUNICIPAL DEL CUSCO
082 ## - NÚMERO DE LA CLASIFICACIÓN DECIMAL DEWEY
No. de Clasificación 376.36 / M36C
Notacion interna M36C
100 ## - ENTRADA PRINCIPAL--NOMBRE DE PERSONA
Nombre Personal Medina Tapia, Hugo.
245 ## - MENCIÓN DE TÍTULO
Título Contribuye el Himno Nacional en nuestra identidad...? /
260 ## - PUBLICACIÓN, DISTRIBUCIÓN, ETC.
Lugar de publicación, distribución, etc. Cusco :
Fecha de publicación, distribución, etc. 2021
300 ## - DESCRIPCIÓN FÍSICA
Nº de Páginas Extensión 223 páginas. :
Dimensiones 21 cm.
500 ## - NOTA GENERAL
Bibliografía Bibliografía: página 221 - 222
505 ## - NOTA DE CONTENIDO CON FORMATO
Nota de contenido formateada Reflexiones sobre la Identidad Nacional -- El proceso político - social y la creación del Estado -- Los símbolos patrios, sirven para generar una Identidad propia? -- Breve reseña del Himno Nacional del Perú
650 ## - PUNTO DE ACCESO ADICIONAL DE MATERIA--TÉRMINO DE MATERIA
Descriptor Importancia de la Identidad Nacional
9 (RLIN) 49767
650 ## - PUNTO DE ACCESO ADICIONAL DE MATERIA--TÉRMINO DE MATERIA
Descriptor Nación e Identidad nacional
9 (RLIN) 49768
650 ## - PUNTO DE ACCESO ADICIONAL DE MATERIA--TÉRMINO DE MATERIA
Descriptor Crítica al Himno Nacional del Perú
9 (RLIN) 49769
942 ## - ELEMENTOS DE PUNTO DE ACCESO ADICIONAL (KOHA)
Fuente de clasificación
Tipo de item Libros-BMC
945 ## - PROCESAMIENTO DE INFORMACIÓN LOCAL (OCLC)
Catalogador pbj
AAAA-MM-DD - Fecha de ingreso o modificacion 2024-05-09
Holdings
Estado de retiro (separado) Fuente de clasificación o esquema de estanterías Estado dañado Ubicación Sala donde se ubica Nombre de la colección Fecha de adquisición o compra Fuente de adquisición Costo, precio normal en soles Signatura topográfica Código de Barras Última vez visto (Koha) Tipo de ítem (Koha)
No     Sala Humanidades Sala Humanidades Book Cart 2024-05-09 Depósito Legal 10.00 376.36 / M36C SH0000016715 2024-05-09 Libros-BMC

Powered by Koha